| 000 | 00621nam a22001817a 4500 | ||
|---|---|---|---|
| 005 | 20251108170900.0 | ||
| 008 | 250721s1999 xx 000 0 ara d | ||
| 082 | 1 | 4 | _aم/ط/423.1/قام |
| 245 | 1 | 0 |
_aقاموس الطفل العربي : _bعربي - إنكليزي - فرنسي / |
| 246 | 1 | 1 | _aarab child dictionary |
| 264 | 1 |
_aعمان : _bالمؤسسة العربية للدراسات، _c1999. |
|
| 300 | _a138ص. | ||
| 650 | 1 | 7 | _aالمعاجم اللغوية |
| 650 | 1 | 7 | _aمعاجم عربي انجليزي |
| 653 | _aمرحلة ناشئون صغار (10-14)سنة | ||
| 942 |
_2ddc _cBK |
||
| 999 |
_c51227 _d51227 |
||